| 000 | 00661nam a2200205 a 4500 | ||
|---|---|---|---|
| 001 | 000020987 | ||
| 005 | 20240412074250.0 | ||
| 008 | 100825s2001 dr a 000 0 spa d | ||
| 020 | _z999342354 | ||
| 040 |
_aDO-SdBNP _bspa _cBNPHU |
||
| 082 |
_aRD863.44 _bP349h |
||
| 100 | 1 |
_aPeña Nina, Domingo, _d1948- _929740 |
|
| 245 | 1 | 0 |
_aHistorias de vida, muerte y lejanías / _cDomingo Peña Nina. |
| 260 |
_aSanto Domingo : _bEditora Peña Nina, _c2001. |
||
| 300 |
_a211 p. : _bil. ; _c21 cm. |
||
| 500 | _aIncluye datos biográficos del autor en la contracubierta | ||
| 650 | 4 |
_aCuento dominicano _926903 |
|
| 650 | 0 |
_aLiteratura dominicana. _967 |
|
| 049 | _aBNPD | ||
| 999 |
_c20490 _d20490 |
||